书目信息 |
| 题名: |
时事资料手册
|
|
| 作者: | ;《半月谈》编辑部 编 | |
| 分册: | ||
| 出版信息: | 北京 新华出版社 1990 |
|
| 页数: | 231页 | |
| 开本: | 19cm | |
| 丛书名: | ||
| 单 册: | ||
| 中图分类: | C62 | |
| 科图分类: | ||
| 主题词: | 社会科学--便览 , 社会科学--手册 , 社会科学--指南 , 社会科学--年表 | |
| 电子资源: | ||
| ISBN: | 7-5011-1027-1 | |
| 000 | 00722nam0 2200253 45 | |
| 001 | 0210211515 | |
| 005 | 20070801103309.15 | |
| 010 | @a7-5011-1027-1@dCNY3.00 | |
| 100 | @a20021021d1990 km y0chiy0120 ea | |
| 101 | 0 | @achi |
| 102 | @aCN@b110000 | |
| 105 | @aa z 000yy | |
| 200 | 1 | @a时事资料手册@AShi Shi Zi Liao Shou Ce@e1990年@f《半月谈》编辑部编@F《Ban Yue Tan》Bian Ji Bu Bian |
| 210 | @a北京@c新华出版社@d1990 | |
| 215 | @a231页@d19cm | |
| 517 | @a1990年@A1990 nian | |
| 606 | 0 | @a社会科学@x便览 |
| 606 | 0 | @a社会科学@x手册 |
| 606 | 0 | @a社会科学@x指南 |
| 606 | 0 | @a社会科学@x年表 |
| 690 | @aC62@v3 | |
| 711 | 02 | @a《半月谈》编辑部@4编 |
| 801 | @aCN@bTSTC@c20070801 | |
| 905 | @dC62@e1(1990)@b207024@f1 | |
| 时事资料手册:1990年/《半月谈》编辑部编.-北京:新华出版社,1990 |
| 231页;19cm |
| ISBN 7-5011-1027-1:CNY3.00 |
| ● |
| 相关链接 |
|
|
|
|
正题名:时事资料手册
索取号:C62/1(1990)
 
预约/预借
| 序号 | 登录号 | 条形码 | 馆藏地/架位号 | 状态 | 备注 |
| 1 | 0790175 | 207901751 | 第一样本阅览室/ [索取号:C62/1(1990)] | 在馆 |